[Event "Santa Fe City-ch"]
[Site "Santa Fe"]
[Date "2021.11.15"]
[Round "7"]
[White "Acosta, Carlos Humberto"]
[Black "Baragiola, Guillermo"]
[Result "0-1"]
[WhiteElo "1708"]
[BlackElo "1457"]
[PlyCount "60"]
[EventDate "2021.11.01"]
[EventType "tourn"]
[EventRounds "9"]
[EventCountry "ARG"]
[SourceTitle "CBM 205 Extra"]
[Source "ChessBase"]
[SourceDate "2022.01.31"]
[SourceVersion "1"]
[SourceVersionDate "2022.01.31"]
[SourceQuality "1"]

1. d4 f5 2. Nf3 Nf6 3. Nc3 e6 4. Bg5 d5 5. e3 Nbd7 6. Ne5 Be7 7. Bd3 0-0 8. 0-0 c6 9. Nxd7 Bxd7 10. f3 h6 11. Bh4 g5 12. Bg3 Be8 13. h3 Bh5 14. Be2 Qe8 15. Be5 Nd7 16. Bh2 Bb4 17. f4 Bxe2 18. Qxe2 Bxc3 19. bxc3 Qg6 20. Rf3 Nf6 21. fxg5 hxg5 22. Be5 Ne4 23. Qe1 b5 24. a4 Rf7 25. axb5 cxb5 26. Ra6 Rh7 27. g4 fxg4 28. hxg4 Qh6 29. Kg2 Rc8 30. Rf6 Nxf6 0-1

[Event "Santa Fe City-ch"]
[Site "Santa Fe"]
[Date "2021.11.10"]
[Round "5"]
[White "Gomez, Abel"]
[Black "Baragiola, Guillermo"]
[Result "1-0"]
[WhiteElo "1633"]
[BlackElo "1457"]
[PlyCount "51"]
[EventDate "2021.11.01"]
[EventType "tourn"]
[EventRounds "9"]
[EventCountry "ARG"]
[SourceTitle "CBM 205 Extra"]
[Source "ChessBase"]
[SourceDate "2022.01.31"]
[SourceVersion "1"]
[SourceVersionDate "2022.01.31"]
[SourceQuality "1"]

1. d4 Nf6 2. Nf3 g6 3. Nc3 Bg7 4. e4 d6 5. h3 0-0 6. Be3 Nbd7 7. e5 dxe5 8. dxe5 Ne8 9. Bc4 Kh8 10. Ng5 e6 11. f4 Qe7 12. Qd2 Nb6 13. Bd3 Nd5 14. Nxd5 exd5 15. Qf2 b6 16. 0-0 c5 17. c3 h6 18. Nf3 Nc7 19. Nh4 g5 20. fxg5 hxg5 21. Nf5 Qxe5 22. Bxg5 Bxf5 23. Bxf5 Rfe8 24. Qh4+ Kg8 25. Qh5 Re6 26. Bh7+ 1-0

[Event "Santa Fe City-ch"]
[Site "Santa Fe"]
[Date "2021.11.08"]
[Round "4"]
[White "Baragiola, Guillermo"]
[Black "Dib, Nadir"]
[Result "0-1"]
[WhiteElo "1457"]
[BlackElo "1685"]
[PlyCount "68"]
[EventDate "2021.11.01"]
[EventType "tourn"]
[EventRounds "9"]
[EventCountry "ARG"]
[SourceTitle "CBM 205 Extra"]
[Source "ChessBase"]
[SourceDate "2022.01.31"]
[SourceVersion "1"]
[SourceVersionDate "2022.01.31"]
[SourceQuality "1"]

1. e4 c5 2. Nf3 Nc6 3. d4 cxd4 4. Nxd4 g6 5. Be3 Bg7 6. Nc3 Nf6 7. f3 0-0 8. Qd2 d5 9. exd5 Nxd5 10. Nxd5 Qxd5 11. Nxc6 bxc6 12. Qxd5 cxd5 13. 0-0-0 Rd8 14. c3 e5 15. Bb5 Be6 16. Bc6 Rac8 17. Bb7 Rb8 18. Bc6 d4 19. Bf2 Bxa2 20. Ba4 Rdc8 21. Be1 f5 22. Kc2 e4 23. fxe4 fxe4 24. b3 d3+ 25. Kb2 Kh8 26. Bd2 a5 27. Kxa2 Bxc3 28. Rhe1 Bxd2 29. Rxd2 Rb4 30. Bd7 Rc3 31. Be6 Rc6 32. Bd5 Rd6 33. Bc4 Rd4 34. Kb2 Rdxc4 0-1

[Event "Santa Fe qual Santafesino op"]
[Site "Santa Fe"]
[Date "2021.03.27"]
[Round "3"]
[White "Dib, Nadir"]
[Black "Baragiola, Guillermo"]
[Result "1/2-1/2"]
[WhiteElo "1694"]
[BlackElo "1398"]
[PlyCount "59"]
[EventDate "2021.03.26"]
[EventType "swiss"]
[EventRounds "7"]
[EventCountry "ARG"]
[SourceTitle "EXT 2022"]
[Source "ChessBase"]
[SourceDate "2021.10.06"]
[SourceVersion "1"]
[SourceVersionDate "2021.10.06"]
[SourceQuality "1"]

1. e4 c5 2. Nf3 d6 3. d4 cxd4 4. Nxd4 Nf6 5. Nc3 a6 6. Be2 e5 7. Nb3 Be7 8. 0-0 0-0 9. Be3 Nbd7 10. a4 b6 11. Qd3 Bb7 12. Rfd1 Qc7 13. Nd5 Nxd5 14. exd5 f5 15. f3 Rac8 16. c4 Kh8 17. Rac1 f4 18. Bf2 g5 19. Nd2 Nf6 20. b4 Rg8 21. Ne4 h5 22. Nxf6 Bxf6 23. Kh1 Bd8 24. Qf5 Qe7 25. c5 bxc5 26. bxc5 dxc5 27. d6 Qf6 28. Qxf6+ Bxf6 29. Bxc5 Rgd8 30. Bb4 1/2-1/2

[Event "Santa Fe op"]
[Site "Santa Fe"]
[Date "2020.02.15"]
[Round "5"]
[White "Baragiola, Guillermo"]
[Black "Acosta, Carlos Humberto"]
[Result "0-1"]
[WhiteElo "1408"]
[BlackElo "1722"]
[PlyCount "67"]
[EventDate "2020.02.08"]
[EventType "swiss"]
[EventRounds "7"]
[EventCountry "ARG"]
[SourceTitle "CBM 195 Extra"]
[Source "ChessBase"]
[SourceDate "2020.05.31"]
[SourceVersion "1"]
[SourceVersionDate "2020.05.31"]
[SourceQuality "1"]

1. e4 e5 2. f4 d6 3. Nf3 Bg4 4. h3 Bxf3 5. Qxf3 Be7 6. Bc4 Nf6 7. d3 0-0 8. 0-0 Nc6 9. c3 Na5 10. Bb5 Nc6 11. b4 Nd7 12. f5 a5 13. bxa5 Rxa5 14. Bxc6 bxc6 15. c4 Bg5 16. Nd2 Bxd2 17. Bxd2 Ra3 18. Bc1 Ra6 19. g4 Nc5 20. Qd1 Qh4 21. Kg2 Rb8 22. Be3 Rb2+ 23. Rf2 Rab6 24. Bxc5 dxc5 25. Qf3 Qd8 26. Qe3 Rxf2+ 27. Kxf2 Rb2+ 28. Kg3 Rc2 29. a4 Rc3 30. Rb1 h6 31. Kf3 Rxc4 32. Ra1 Rd4 33. Ke2 Kf8 34. a5 0-1

[Event "Santa Fe op"]
[Site "Santa Fe"]
[Date "2020.02.09"]
[Round "3"]
[White "Baragiola, Guillermo"]
[Black "Hase, Camilo"]
[Result "0-1"]
[WhiteElo "1408"]
[BlackElo "1616"]
[PlyCount "70"]
[EventDate "2020.02.08"]
[EventType "swiss"]
[EventRounds "7"]
[EventCountry "ARG"]
[SourceTitle "CBM 195 Extra"]
[Source "ChessBase"]
[SourceDate "2020.05.31"]
[SourceVersion "1"]
[SourceVersionDate "2020.05.31"]
[SourceQuality "1"]

1. e4 d5 2. exd5 Nf6 3. d4 Nxd5 4. c4 Nb4 5. Na3 c5 6. Be3 cxd4 7. Qxd4 Qxd4 8. Bxd4 N8c6 9. Bc3 Bf5 10. Nf3 0-0-0 11. Be2 e5 12. 0-0 f6 13. Rfd1 Bc5 14. Bxb4 Nxb4 15. Nb5 Nd3 16. Bxd3 Bxd3 17. b3 e4 18. Ne1 Be2 19. Rxd8+ Rxd8 20. a3 a6 21. Nc3 Bd4 22. Rc1 Bxc3 23. Rxc3 Rd1 24. f3 exf3 25. gxf3 Bxf3 26. Rxf3 Rxe1+ 27. Kg2 Re7 28. Rd3 Kc7 29. Kf2 Kc6 30. Kf3 Rd7 31. Re3 Kc5 32. h4 a5 33. Rc3 b6 34. Re3 a4 35. b4+ Kxc4 0-1

[Event "Santa Fe op"]
[Site "Santa Fe"]
[Date "2020.02.09"]
[Round "4"]
[White "Rodriguez, Nicolas"]
[Black "Baragiola, Guillermo"]
[Result "0-1"]
[WhiteElo "1542"]
[BlackElo "1408"]
[PlyCount "38"]
[EventDate "2020.02.08"]
[EventType "swiss"]
[EventRounds "7"]
[EventCountry "ARG"]
[SourceTitle "CBM 195 Extra"]
[Source "ChessBase"]
[SourceDate "2020.05.31"]
[SourceVersion "1"]
[SourceVersionDate "2020.05.31"]
[SourceQuality "1"]

1. e4 c5 2. Bc4 Nc6 3. Qh5 g6 4. Qxc5 e6 5. Qe3 Bg7 6. c3 Bh6 7. Qh3 d5 8. Bb3 dxe4 9. f3 e5 10. Qg3 Bf4 11. Qf2 Nf6 12. Qc5 Bf5 13. g4 Be6 14. Ne2 Bxb3 15. axb3 Bh6 16. Ng1 Qd3 17. b4 exf3 18. Qe3 Bxe3 19. dxe3 f2+ 0-1